[Event "POL-ch Universities"]
[Site "Lublin"]
[Date "2024.02.24"]
[Round "8"]
[White "Hrymowicz, Artur"]
[Black "Nowak, Mikolaj"]
[Result "1-0"]
[WhiteElo "2131"]
[BlackElo "2317"]
[PlyCount "121"]
[EventDate "2024.02.23"]
[EventType "swiss"]
[EventRounds "9"]
[EventCountry "POL"]
[SourceTitle "CB10_2024"]
[SourceDate "2024.03.06"]
[SourceVersion "1"]
[SourceVersionDate "2024.03.06"]
[SourceQuality "1"]

1. e4 e5 2. Nf3 Nc6 3. d4 exd4 4. Nxd4 Bb4+ 5. c3 Bc5 6. Be3 Bb6 7. Bb5 Nf6 8. Nd2 0-0 9. 0-0 Nxd4 10. Bxd4 c6 11. Bd3 d6 12. Qc2 Bc7 13. Rae1 h6 14. h3 c5 15. Be3 b6 16. Bf4 Bb7 17. a4 Re8 18. Bh2 d5 19. e5 Nd7 20. f4 c4 21. Bf5 Nc5 22. Nf3 Bc6 23. a5 bxa5 24. Nd4 Bd7 25. Bxd7 Qxd7 26. Re3 f6 27. Rfe1 Ne4 28. Rxe4 dxe4 29. Qxe4 fxe5 30. fxe5 Rad8 31. Kh1 Qd5 32. Qe2 Kh8 33. e6 Bxh2 34. Kxh2 Re7 35. Qg4 Rf8 36. Qh4 Rf6 37. Kh1 Kh7 38. Qg3 a4 39. Kh2 Qb7 40. Re2 Qd5 41. Re1 Rg6 42. Qf2 Rf6 43. Qg3 a6 44. Re2 Qc5 45. Qe3 Qd6+ 46. Kg1 Qd5 47. Kh2 a5 48. Kg1 Kh8 49. Kh2 a3 50. bxa3 Qd6+ 51. Qe5 Qxa3 52. Nf5 Kh7 53. Nxe7 Qxe7 54. Qe4+ Kh8 55. Qa8+ Kh7 56. Qe4+ Kh8 57. Qa8+ Kh7 58. Qd5 a4 59. Qxc4 a3 60. Qd3+ Kh8 61. Qd7 1-0

[Event "POL-ch Universities"]
[Site "Lublin"]
[Date "2024.02.24"]
[Round "9"]
[White "Pniaczek, Marek"]
[Black "Hrymowicz, Artur"]
[Result "1-0"]
[WhiteElo "2116"]
[BlackElo "2131"]
[PlyCount "65"]
[EventDate "2024.02.23"]
[EventType "swiss"]
[EventRounds "9"]
[EventCountry "POL"]
[SourceTitle "CB10_2024"]
[SourceDate "2024.03.06"]
[SourceVersion "1"]
[SourceVersionDate "2024.03.06"]
[SourceQuality "1"]

1. e4 c5 2. Nf3 d6 3. Bb5+ Nd7 4. 0-0 a6 5. Bd3 Ngf6 6. c3 e6 7. Re1 Be7 8. Bc2 0-0 9. d4 b5 10. a4 Bb7 11. e5 Nd5 12. axb5 axb5 13. Rxa8 Qxa8 14. Qd3 g6 15. Qxb5 Bc6 16. Qe2 cxd4 17. exd6 Bxd6 18. Nxd4 Nf4 19. Bxf4 Bxf4 20. Nxc6 Qxc6 21. g3 Bh6 22. Be4 Qc7 23. Nd2 Nc5 24. Bg2 Rd8 25. Nf3 Bg7 26. Qc4 Qb6 27. Nd4 e5 28. Nc6 Re8 29. b4 Nd7 30. Bd5 Rf8 31. Rd1 Nf6 32. Bxf7+ Kh8 33. Nxe5 1-0

[Event "POL-ch Academic"]
[Site "Chorzow"]
[Date "2022.04.01"]
[Round "5"]
[White "Hrymowicz, Artur"]
[Black "Psyk, Radoslaw"]
[Result "0-1"]
[WhiteElo "1848"]
[BlackElo "2265"]
[PlyCount "37"]
[EventDate "2022.04.01"]
[EventType "swiss (rapid)"]
[EventRounds "9"]
[EventCountry "POL"]
[SourceTitle "EXT 2024"]
[Source "ChessBase"]
[SourceDate "2023.10.10"]
[SourceVersion "1"]
[SourceVersionDate "2023.10.10"]
[SourceQuality "1"]

1. e4 Nf6 2. e5 Nd5 3. d4 d6 4. Nf3 Nb6 5. Be2 g6 6. 0-0 Bg7 7. exd6 cxd6 8. c3 0-0 9. Re1 Bf5 10. Bf4 N8d7 11. Nbd2 Re8 12. Qb3 e5 13. dxe5 dxe5 14. Be3 Be6 15. c4 h6 16. a4 Qc7 17. a5 Nc8 18. g3 Nd6 19. Qc3 0-1

[Event "POL-ch Academic"]
[Site "Chorzow"]
[Date "2021.05.15"]
[Round "7.23"]
[White "Daniel, Damian"]
[Black "Hrymowicz, Artur"]
[Result "1-0"]
[WhiteElo "2186"]
[BlackElo "2100"]
[PlyCount "105"]
[EventDate "2021.05.14"]
[EventType "swiss (rapid)"]
[EventRounds "9"]
[EventCountry "POL"]
[SourceTitle "CBM 202 Extra"]
[Source "ChessBase"]
[SourceDate "2021.07.31"]
[SourceVersion "1"]
[SourceVersionDate "2021.07.31"]
[SourceQuality "1"]

1. d4 Nf6 2. c4 b6 3. Nc3 Bb7 4. Nf3 e6 5. g3 Bb4 6. Bd2 0-0 7. Bg2 d5 8. cxd5 exd5 9. 0-0 Nbd7 10. Rc1 Re8 11. Bf4 Bxc3 12. Rxc3 c5 13. dxc5 bxc5 14. Re1 Ne4 15. Rb3 Bc6 16. Qc1 a5 17. Nd2 Nxd2 18. Qxd2 Nf6 19. Rc1 c4 20. Ra3 Ne4 21. Qd4 Qe7 22. Be3 a4 23. Rc2 Rab8 24. Bc1 Qb4 25. Bd2 Qb5 26. Bc3 Nxc3 27. Raxc3 Rbd8 28. Rd2 g6 29. h4 h5 30. Bf3 Rd7 31. Kg2 Rde7 32. e3 Re5 33. Kg1 Rf5 34. Bg2 Rfe5 35. Rc1 Qb4 36. Rcd1 a3 37. bxa3 Qxa3 38. Rb1 Ba4 39. Rb7 c3 40. Rd3 Qc1+ 41. Kh2 Qc2 42. Qf4 f5 43. Rd4 Bc6 44. Rc7 Qxa2 45. Qg5 R5e6 46. Qh6 R8e7 47. Rxe7 Rxe7 48. Qxg6+ Kf8 49. Qf6+ Rf7 50. Qd6+ Kg8 51. Qg6+ Kf8 52. Qxc6 c2 53. Rd2 1-0

[Event "POL-chT Academic"]
[Site "Chorzow"]
[Date "2021.05.15"]
[Round "2.16"]
[White "Hrymowicz, Artur"]
[Black "Materniak, Aleksander"]
[Result "1-0"]
[WhiteElo "2100"]
[BlackElo "1651"]
[PlyCount "145"]
[EventDate "2021.05.15"]
[EventType "team-swiss (rapid)"]
[EventRounds "9"]
[EventCountry "POL"]
[SourceTitle "CBM 202 Extra"]
[Source "ChessBase"]
[SourceDate "2021.07.31"]
[SourceVersion "1"]
[SourceVersionDate "2021.07.31"]
[SourceQuality "1"]
[WhiteTeam "Warsaw Kozminski Academy"]
[BlackTeam "Krakow Jagiellonski Medicum"]
[WhiteTeamCountry "POL"]
[BlackTeamCountry "POL"]

1. e4 e5 2. Nf3 Nc6 3. d4 exd4 4. Nxd4 Qf6 5. Be3 Bc5 6. c3 Nge7 7. Bc4 Bb6 8. 0-0 0-0 9. f4 d6 10. Qd2 Nxd4 11. cxd4 d5 12. e5 Qg6 13. Be2 Nf5 14. Nc3 c6 15. Bf2 h5 16. Rad1 h4 17. Kh1 Qh6 18. h3 Kh8 19. Na4 Bd8 20. Nc5 Rg8 21. Bd3 g5 22. Nxb7 Be7 23. Qc2 Ng3+ 24. Bxg3 hxg3 25. Nd6 Bxd6 26. exd6 gxf4 27. Bf5 Qxd6 28. Bxc8 Raxc8 29. Qf5 Qg6 30. Qxf4 Rg7 31. Rde1 Rh7 32. Qf5 Qxf5 33. Rxf5 Rb8 34. b3 Kg8 35. Re3 Rg7 36. Kg1 Kf8 37. Kf1 Re8 38. Ke2 Rxe3+ 39. Kxe3 Ke7 40. Kf4 f6 41. Rh5 Rg8 42. Rh7+ Kd6 43. Rxa7 Re8 44. Kxg3 Re4 45. h4 Rxd4 46. h5 Rd3+ 47. Kg4 Rd4+ 48. Kf5 Rh4 49. g4 d4 50. Ra4 c5 51. Ra6+ Kd5 52. Rxf6 d3 53. Rf8 c4 54. Rd8+ Kc5 55. bxc4 Kxc4 56. Kg5 Rh1 57. h6 Kc3 58. Kg6 d2 59. h7 Rh3 60. Rxd2 Kxd2 61. Kg7 Rg3 62. h8Q Rxg4+ 63. Kf6 Ra4 64. Qg8 Ra6+ 65. Ke5 Ra5+ 66. Kd4 Ra4+ 67. Kc5 Ra5+ 68. Kb4 Re5 69. a4 Kd3 70. Qb3+ Ke4 71. Qc4+ Kf5 72. a5 Re8 73. Qf7+ 1-0

[Event "POL-ch Academic"]
[Site "Chorzow"]
[Date "2021.05.15"]
[Round "9.24"]
[White "Winiarski, Mikolaj"]
[Black "Hrymowicz, Artur"]
[Result "1-0"]
[WhiteElo "2213"]
[BlackElo "2100"]
[PlyCount "51"]
[EventDate "2021.05.14"]
[EventType "swiss (rapid)"]
[EventRounds "9"]
[EventCountry "POL"]
[SourceTitle "CBM 202 Extra"]
[Source "ChessBase"]
[SourceDate "2021.07.31"]
[SourceVersion "1"]
[SourceVersionDate "2021.07.31"]
[SourceQuality "1"]

1. d4 Nf6 2. c4 b6 3. Nc3 Bb7 4. Qc2 d5 5. cxd5 Nxd5 6. Nf3 e6 7. e4 Nxc3 8. bxc3 c5 9. Bb5+ Bc6 10. Rb1 Be7 11. 0-0 Bxb5 12. Rxb5 cxd4 13. cxd4 0-0 14. Bb2 Na6 15. Qa4 Nc7 16. Rb3 b5 17. Qa5 a6 18. Ne5 Qd6 19. Ba3 b4 20. Bxb4 Qxd4 21. Bxe7 Rfc8 22. Rd3 Qxe4 23. Re3 Qc2 24. Rc3 Qd2 25. Nc4 Qd4 26. Nb6 1-0

[Event "POL-chT 2nd League"]
[Site "Jastrzebia Gora"]
[Date "2019.09.15"]
[Round "9.13"]
[White "Hrymowicz, Artur"]
[Black "Kowalec, Maciej"]
[Result "1/2-1/2"]
[WhiteElo "2021"]
[BlackElo "2054"]
[PlyCount "24"]
[EventDate "2019.09.07"]
[EventType "team-swiss"]
[EventRounds "9"]
[EventCountry "POL"]
[SourceTitle "EXT 2020"]
[Source "ChessBase"]
[SourceDate "2019.10.17"]
[SourceVersion "1"]
[SourceVersionDate "2019.10.17"]
[SourceQuality "1"]
[WhiteTeam "Olsztyn Kopernik"]
[BlackTeam "Minsk Mazowiecki MTSz"]
[WhiteTeamCountry "POL"]
[BlackTeamCountry "POL"]

1. e4 e6 2. d4 d5 3. Nd2 c5 4. exd5 Qxd5 5. Ngf3 cxd4 6. Bc4 Qd7 7. Nb3 Nc6 8. 0-0 Nf6 9. Nbxd4 Nxd4 10. Nxd4 a6 11. Re1 b5 12. Bf1 Bb7 1/2-1/2

[Event "Warsaw Najdorf Memorial op-A 17th"]
[Site "Warsaw"]
[Date "2019.07.09"]
[Round "4"]
[White "Krstulovic, Alex"]
[Black "Hrymowicz, Artur"]
[Result "1-0"]
[WhiteElo "2360"]
[BlackElo "2052"]
[PlyCount "74"]
[EventDate "2019.07.06"]
[EventType "swiss"]
[EventRounds "9"]
[EventCountry "POL"]
[SourceTitle "CBM 191 Extra"]
[Source "ChessBase"]
[SourceDate "2019.09.30"]
[SourceVersion "1"]
[SourceVersionDate "2019.09.30"]
[SourceQuality "1"]

1. d4 Nf6 2. c4 b6 3. f3 e6 4. e4 Bb4+ 5. Nc3 c5 6. d5 0-0 7. Nge2 d6 8. a3 Ba5 9. Rb1 Na6 10. Ng3 Bxc3+ 11. bxc3 e5 12. Bd3 Nb8 13. 0-0 Re8 14. Bg5 Nbd7 15. Qd2 h6 16. Be3 Nf8 17. Rbe1 Ng6 18. Nf5 Nh5 19. g3 Qf6 20. Qg2 Ne7 21. Qh3 Qg6 22. Qh4 Kf8 23. Nxd6 Nxg3 24. hxg3 Qxd6 25. f4 Ng6 26. Qh5 Qf6 27. f5 Ne7 28. g4 Ng8 29. g5 hxg5 30. Bxg5 Qd6 31. Qh8 f6 32. Be3 Qe7 33. Rf2 g5 34. fxg6 Qg7 35. Rxf6+ Qxf6 36. Rf1 Qxf1+ 37. Bxf1 Ke7 1-0

[Event "Warsaw Najdorf Memorial op-A 17th"]
[Site "Warsaw"]
[Date "2019.07.08"]
[Round "3"]
[White "Hrymowicz, Artur"]
[Black "Fiedorek, Michal"]
[Result "0-1"]
[WhiteElo "2052"]
[BlackElo "2241"]
[PlyCount "44"]
[EventDate "2019.07.06"]
[EventType "swiss"]
[EventRounds "9"]
[EventCountry "POL"]
[SourceTitle "CBM 191 Extra"]
[Source "ChessBase"]
[SourceDate "2019.09.30"]
[SourceVersion "1"]
[SourceVersionDate "2019.09.30"]
[SourceQuality "1"]

1. e4 c5 2. Nf3 d6 3. d4 cxd4 4. Nxd4 Nf6 5. Nc3 Nc6 6. g3 g6 7. Nxc6 bxc6 8. Bg2 Qc7 9. 0-0 Bg7 10. h3 0-0 11. Be3 Rd8 12. Qe2 Rb8 13. Rab1 Qa5 14. Rfd1 Ba6 15. Qd2 Qc7 16. Qd4 Nd7 17. Qxa7 Qc8 18. Bd2 Nc5 19. Bf1 Rd7 20. Bxa6 Qe8 21. Bb7 Rdxb7 22. Qa3 Ra8 0-1

[Event "Warsaw Najdorf Memorial op-A 17th"]
[Site "Warsaw"]
[Date "2019.07.06"]
[Round "1"]
[White "Hrymowicz, Artur"]
[Black "Czerw, Dawid"]
[Result "0-1"]
[WhiteElo "2052"]
[BlackElo "2326"]
[PlyCount "164"]
[EventDate "2019.07.06"]
[EventType "swiss"]
[EventRounds "9"]
[EventCountry "POL"]
[SourceTitle "CBM 191 Extra"]
[Source "ChessBase"]
[SourceDate "2019.09.30"]
[SourceVersion "1"]
[SourceVersionDate "2019.09.30"]
[SourceQuality "1"]

1. e4 c5 2. Nf3 e6 3. d4 cxd4 4. Nxd4 Nc6 5. Nc3 Qc7 6. Be3 a6 7. Bd3 Nf6 8. 0-0 Nxd4 9. Bxd4 Bc5 10. Bxc5 Qxc5 11. Qf3 0-0 12. Rfe1 e5 13. Qe3 Qc7 14. Qg5 d6 15. Re3 Be6 16. Rg3 Ne8 17. Rf1 b5 18. Kh1 g6 19. f4 f6 20. Qh4 exf4 21. Qxf4 Ra7 22. Nd5 Bxd5 23. exd5 f5 24. Qd4 Ng7 25. Re3 Raa8 26. Rfe1 Rae8 27. Rxe8 Rxe8 28. Rxe8+ Nxe8 29. h3 Qc5 30. Qxc5 dxc5 31. c4 Nd6 32. cxb5 axb5 33. g4 Kf7 34. g5 c4 35. Bc2 Ke7 36. a4 b4 37. b3 cxb3 38. Bxb3 Nb7 39. Kg2 Nc5 40. a5 Kd6 41. Bc4 Ne4 42. a6 Kc7 43. h4 Kb6 44. Kh2 Nd6 45. Bd3 b3 46. Kg3 b2 47. Kf4 Nc4 48. h5 Kc7 49. Bb1 Kd6 50. a7 Nb6 51. Ba2 Nxd5+ 52. Bxd5 b1Q 53. a8Q Qc1+ 54. Kf3 Qd1+ 55. Kg3 Qg4+ 56. Kf2 Qd4+ 57. Kg3 Qe5+ 58. Kh3 Qxd5 59. Qb8+ Kc6 60. Qa8+ Kc5 61. Qa7+ Kc4 62. Qxh7 Qf3+ 63. Kh2 Qf4+ 64. Kh3 Qg4+ 65. Kh2 Qh4+ 66. Kg2 Qxg5+ 67. Kf2 Qh4+ 68. Kg2 Qxh5 69. Qc7+ Kd5 70. Qd7+ Ke5 71. Qe7+ Kf4 72. Qd6+ Kg5 73. Qd8+ Kg4 74. Qd1+ Kh4 75. Qe1+ Kg5 76. Qe7+ Kf4 77. Qd6+ Ke4 78. Qe6+ Kd3 79. Qd5+ Ke2 80. Qe5+ Kd1 81. Qd4+ Ke1 82. Qa1+ Qd1 0-1

[Event "POL-ch U18"]
[Site "Szklarska Poreba"]
[Date "2019.03.14"]
[Round "7"]
[White "Hrymowicz, Artur"]
[Black "Szpar, Milosz"]
[Result "0-1"]
[WhiteElo "1991"]
[BlackElo "2311"]
[PlyCount "104"]
[EventDate "2019.03.09"]
[EventType "swiss"]
[EventRounds "9"]
[EventCountry "POL"]
[SourceTitle "CBM 189 Extra"]
[Source "ChessBase"]
[SourceDate "2019.06.03"]
[SourceVersion "1"]
[SourceVersionDate "2019.06.03"]
[SourceQuality "1"]

1. e4 c5 2. Nf3 Nc6 3. d4 cxd4 4. Nxd4 Nf6 5. Nc3 e5 6. Ndb5 d6 7. Bg5 a6 8. Na3 b5 9. Nd5 Be7 10. Bxf6 Bxf6 11. c4 b4 12. Nc2 a5 13. Qd3 0-0 14. Rd1 Bg5 15. h4 Bxh4 16. g3 Bg5 17. f4 Bh6 18. f5 Bg5 19. Kf2 Bb7 20. Bg2 Nb8 21. Rh5 Nd7 22. Nce3 h6 23. Bf3 Rc8 24. b3 Nc5 25. Qc2 a4 26. Rhh1 Ra8 27. Rb1 axb3 28. axb3 Ra3 29. Kg2 f6 30. Rhd1 Bxe3 31. Nxe3 Qa8 32. Nd5 Bxd5 33. Rxd5 Ra2 34. Rb2 Rxb2 35. Qxb2 Qa3 36. Qb1 Rb8 37. Bd1 Rb6 38. Rd2 Ra6 39. Kf3 Kf8 40. Ke3 Ke7 41. Rb2 Ra8 42. Qc2 Qa7 43. Kf3 Qb7 44. Qe2 Ra3 45. Qc2 Na4 46. Ra2 Rxa2 47. Qxa2 Qxe4+ 48. Kxe4 Nc3+ 49. Kd3 Nxa2 50. Bf3 Nc3 51. Bc6 Kd8 52. c5 Kc7 0-1

[Event "POL-ch U18"]
[Site "Szklarska Poreba"]
[Date "2019.03.13"]
[Round "6"]
[White "Hrymowicz, Artur"]
[Black "Galuszka, Tomasz"]
[Result "1-0"]
[WhiteElo "1991"]
[BlackElo "2016"]
[PlyCount "120"]
[EventDate "2019.03.09"]
[EventType "swiss"]
[EventRounds "9"]
[EventCountry "POL"]
[SourceTitle "CBM 189 Extra"]
[Source "ChessBase"]
[SourceDate "2019.06.03"]
[SourceVersion "1"]
[SourceVersionDate "2019.06.03"]
[SourceQuality "1"]

1. e4 c6 2. d4 d5 3. e5 Bf5 4. Nd2 e6 5. Nb3 Nd7 6. Nf3 Ne7 7. Be2 Nc8 8. a4 Be7 9. a5 a6 10. 0-0 0-0 11. Be3 Na7 12. Nfd2 c5 13. c4 Nc6 14. cxd5 exd5 15. Nxc5 Bxc5 16. dxc5 d4 17. Bf4 Nxc5 18. Bg3 Nb4 19. Nc4 d3 20. Bf3 Qd4 21. Nd6 Be6 22. Rc1 Bb3 23. Qd2 Bc2 24. Nf5 Qxb2 25. Rb1 Qa2 26. Rxb4 Ne6 27. Rxb7 Rab8 28. Nd6 Rxb7 29. Bxb7 Nc5 30. Qc3 Nxb7 31. Nxb7 Qd5 32. Nd6 h5 33. Bf4 Rb8 34. Be3 Ba4 35. Qc4 Qxc4 36. Nxc4 Rb5 37. Ra1 Bb3 38. Nd2 Bc2 39. f4 Kf8 40. Kf2 Ke7 41. Nf3 Rb2 42. Bd2 Ke6 43. Ke3 Kd5 44. Nd4 g6 45. Ra3 Rb1 46. Nxc2 dxc2 47. Rc3 Rg1 48. Kf2 Rd1 49. Rxc2 Ke4 50. Be3 Ra1 51. Rc4+ Kf5 52. Kf3 Rf1+ 53. Bf2 g5 54. Rc6 gxf4 55. Rxa6 Ra1 56. Ke2 Ke4 57. e6 Ra2+ 58. Kf1 Ra1+ 59. Be1 fxe6 60. Rxe6+ Kd5 1-0

[Event "POL-ch U18"]
[Site "Szklarska Poreba"]
[Date "2019.03.12"]
[Round "5"]
[White "Posluszny, Tomasz"]
[Black "Hrymowicz, Artur"]
[Result "0-1"]
[WhiteElo "1906"]
[BlackElo "1991"]
[PlyCount "68"]
[EventDate "2019.03.09"]
[EventType "swiss"]
[EventRounds "9"]
[EventCountry "POL"]
[SourceTitle "CBM 189 Extra"]
[Source "ChessBase"]
[SourceDate "2019.06.03"]
[SourceVersion "1"]
[SourceVersionDate "2019.06.03"]
[SourceQuality "1"]

1. d4 Nf6 2. c4 b6 3. f3 e6 4. e4 Bb4+ 5. Nc3 c5 6. d5 0-0 7. Be3 d6 8. Nge2 exd5 9. cxd5 b5 10. a3 Ba5 11. Nf4 a6 12. Rb1 Nbd7 13. Nd3 Bb6 14. Qd2 Re8 15. Be2 c4 16. Nb4 Nc5 17. Nc6 Qc7 18. Nd4 Nfd7 19. 0-0 Ne5 20. g4 Qa7 21. Nd1 Bd7 22. Kg2 Ncd3 23. Nc2 a5 24. Kg3 Nc5 25. Nd4 Nxg4 26. Nxb5 Bxb5 27. Kxg4 f5+ 28. Kxf5 Qf7+ 29. Kg4 Nb3 30. Qc3 Qg6+ 31. Bg5 h6 32. h4 hxg5 33. hxg5 Bd7+ 34. Kh4 Qh7+ 0-1

[Event "POL-ch U18"]
[Site "Szklarska Poreba"]
[Date "2019.03.09"]
[Round "2"]
[White "Hrymowicz, Artur"]
[Black "Kukula, Karol"]
[Result "1-0"]
[WhiteElo "1991"]
[BlackElo "1785"]
[PlyCount "87"]
[EventDate "2019.03.09"]
[EventType "swiss"]
[EventRounds "9"]
[EventCountry "POL"]
[SourceTitle "CBM 189 Extra"]
[Source "ChessBase"]
[SourceDate "2019.06.03"]
[SourceVersion "1"]
[SourceVersionDate "2019.06.03"]
[SourceQuality "1"]

1. e4 c5 2. Nf3 e6 3. d4 cxd4 4. Nxd4 Nf6 5. Nc3 Nc6 6. Ndb5 Bb4 7. a3 Bxc3+ 8. Nxc3 d5 9. exd5 Nxd5 10. Bd2 0-0 11. Qh5 Nf6 12. Qh4 Qd4 13. Qxd4 Nxd4 14. 0-0-0 e5 15. Nb5 Nxb5 16. Bxb5 a6 17. Bd3 e4 18. Bc4 Bf5 19. h3 Rac8 20. Bb3 h6 21. g4 Bg6 22. Bc3 Rfd8 23. Rhg1 Nd7 24. h4 Nc5 25. Ba2 Na4 26. Rxd8+ Rxd8 27. Bb4 b5 28. h5 Bh7 29. g5 hxg5 30. Rxg5 Kh8 31. Bxf7 Rc8 32. c3 Rc7 33. Bb3 Nb6 34. Bd6 Rd7 35. h6 Nc4 36. Bxc4 bxc4 37. Be5 Kg8 38. Bd4 Rc7 39. hxg7 Rc6 40. Rd5 Kf7 41. Rd8 Rg6 42. Rf8+ Ke7 43. Rh8 Rg1+ 44. Kd2 1-0

[Event "Lazy op 14th"]
[Site "Lazy"]
[Date "2018.07.03"]
[Round "9"]
[White "Luberanski, Jakub"]
[Black "Hrymowicz, Artur"]
[Result "1/2-1/2"]
[WhiteElo "1762"]
[BlackElo "2123"]
[PlyCount "105"]
[EventDate "2018.06.24"]
[EventType "swiss"]
[EventRounds "9"]
[EventCountry "POL"]
[SourceTitle "CBM 185 Extra"]
[Source "ChessBase"]
[SourceDate "2018.07.29"]
[SourceVersion "1"]
[SourceVersionDate "2018.07.29"]
[SourceQuality "1"]

1. e4 c5 2. Nf3 d6 3. d4 cxd4 4. Nxd4 Nf6 5. Nc3 a6 6. h3 g6 7. g4 Bg7 8. Bg2 h5 9. g5 Nfd7 10. Be3 0-0 11. Qd2 Nc6 12. 0-0-0 Nb6 13. b3 a5 14. a4 Bd7 15. f4 Rc8 16. Rhf1 Nb4 17. Kb1 Qc7 18. Nce2 e5 19. fxe5 dxe5 20. Nb5 Bxb5 21. axb5 Rfd8 22. Qc3 Rxd1+ 23. Rxd1 Qe7 24. Qd2 Rxc2 25. Qd8+ Bf8 26. Qxe7 Bxe7 27. Bf3 Bc5 28. Bd2 Rxd2 29. Rxd2 Be7 30. h4 Kf8 31. Nc3 Ke8 32. Na4 Nd7 33. Be2 f6 34. Bc4 fxg5 35. hxg5 Nf8 36. Rf2 Bxg5 37. Rf7 Be7 38. Rg7 h4 39. Bf7+ Kd8 40. Bxg6 Nxg6 41. Rxg6 Nd3 42. Nc3 Nf4 43. Rg8+ Kd7 44. Rh8 Kd6 45. Rh7 h3 46. Kc2 Ke6 47. Rh6+ Kf7 48. Nd5 Kg7 49. Rxh3 Nxh3 50. Nxe7 Kf6 51. Nf5 Ke6 52. Kd3 Ng5 53. Ne3 1/2-1/2

[Event "Lazy op 14th"]
[Site "Lazy"]
[Date "2018.07.02"]
[Round "8"]
[White "Niedbala, Bartlomiej"]
[Black "Hrymowicz, Artur"]
[Result "1-0"]
[WhiteElo "1977"]
[BlackElo "2123"]
[PlyCount "69"]
[EventDate "2018.06.24"]
[EventType "swiss"]
[EventRounds "9"]
[EventCountry "POL"]
[SourceTitle "CBM 185 Extra"]
[Source "ChessBase"]
[SourceDate "2018.07.29"]
[SourceVersion "1"]
[SourceVersionDate "2018.07.29"]
[SourceQuality "1"]

1. e4 c5 2. Nf3 d6 3. d4 cxd4 4. Nxd4 Nf6 5. Nc3 a6 6. h3 g6 7. g4 Bg7 8. Bg2 h5 9. g5 Nfd7 10. Be3 0-0 11. Qd2 Nc6 12. 0-0-0 Nb6 13. b3 a5 14. a4 Nb4 15. f4 Bd7 16. Kb1 Rc8 17. Rc1 Na8 18. Rhf1 Nc7 19. f5 Be5 20. Rf2 Nca6 21. Rcf1 Qc7 22. Ncb5 Qb8 23. c3 Nc6 24. h4 Nc5 25. Kb2 Na7 26. Nxa7 Qxa7 27. fxg6 fxg6 28. Rxf8+ Rxf8 29. Rxf8+ Kxf8 30. Qf2+ Kg8 31. Bf1 Qb6 32. Bc4+ e6 33. Nxe6 Bxc3+ 34. Kc2 Bxe6 35. Bxe6+ 1-0

[Event "Lazy op 14th"]
[Site "Lazy"]
[Date "2018.06.30"]
[Round "7"]
[White "Hrymowicz, Artur"]
[Black "Stachanczyk, Jacek"]
[Result "1/2-1/2"]
[WhiteElo "2123"]
[BlackElo "2223"]
[PlyCount "82"]
[EventDate "2018.06.24"]
[EventType "swiss"]
[EventRounds "9"]
[EventCountry "POL"]
[SourceTitle "CBM 185 Extra"]
[Source "ChessBase"]
[SourceDate "2018.07.29"]
[SourceVersion "1"]
[SourceVersionDate "2018.07.29"]
[SourceQuality "1"]

1. e4 c5 2. Nf3 Nc6 3. d4 cxd4 4. Nxd4 g6 5. c4 Nf6 6. Nc3 Bg7 7. Be3 0-0 8. Be2 d6 9. 0-0 Bd7 10. Rc1 Nxd4 11. Bxd4 Bc6 12. f3 a5 13. Qd2 Nd7 14. Be3 Nc5 15. b3 Qb6 16. Nb5 f5 17. exf5 gxf5 18. Rfd1 Rf6 19. Kh1 Be8 20. Nc3 Bc6 21. Nd5 Bxd5 22. Qxd5+ Kh8 23. Bg5 Re6 24. Bf1 Re5 25. Qd2 Qb4 26. Re1 Rxe1 27. Qxe1 Qxe1 28. Rxe1 e5 29. Rd1 Bf8 30. Bd3 Nxd3 31. Rxd3 Kg7 32. Kg1 a4 33. Bd2 axb3 34. axb3 Kf7 35. Rd5 Ke6 36. Rb5 Ra2 37. Bg5 f4 38. h3 Ra7 39. Bd8 Kd7 40. Ra5 Rxa5 41. Bxa5 d5 1/2-1/2

[Event "Lazy op 14th"]
[Site "Lazy"]
[Date "2018.06.28"]
[Round "5"]
[White "Hrymowicz, Artur"]
[Black "Oborski, Artur"]
[Result "1/2-1/2"]
[WhiteElo "2123"]
[BlackElo "1801"]
[PlyCount "83"]
[EventDate "2018.06.24"]
[EventType "swiss"]
[EventRounds "9"]
[EventCountry "POL"]
[SourceTitle "CBM 185 Extra"]
[Source "ChessBase"]
[SourceDate "2018.07.29"]
[SourceVersion "1"]
[SourceVersionDate "2018.07.29"]
[SourceQuality "1"]

1. e4 c5 2. Nf3 d6 3. d4 cxd4 4. Nxd4 Nf6 5. Nc3 Nc6 6. Bc4 e6 7. 0-0 Be7 8. Be3 0-0 9. Bb3 Bd7 10. f4 a6 11. Kh1 b5 12. f5 Nxd4 13. Qxd4 e5 14. Qd3 b4 15. Nd5 Bb5 16. Nxf6+ Bxf6 17. Bc4 Bxc4 18. Qxc4 Rc8 19. Qxb4 Rxc2 20. Rfd1 Qb8 21. Qxb8 Rxb8 22. b3 Be7 23. Rdc1 Rbc8 24. Kg1 Kf8 25. Rxc2 Rxc2 26. Rc1 Rxc1+ 27. Bxc1 Ke8 28. Kf2 Kd7 29. Ke2 Kc6 30. Bb2 f6 31. Ba3 Bd8 32. Kd3 d5 33. g4 g6 34. fxg6 hxg6 35. h4 dxe4+ 36. Kxe4 f5+ 37. gxf5 gxf5+ 38. Kxf5 Bxh4 39. Kxe5 Kb5 40. Kd5 a5 41. Bc5 a4 42. bxa4+ 1/2-1/2

[Event "Bialystok Zamenhof Memorial 36th"]
[Site "Bialystok"]
[Date "2017.12.27"]
[Round "1"]
[White "Hrymowicz, Artur"]
[Black "Sieciechowicz, Marcin"]
[Result "0-1"]
[WhiteElo "2132"]
[BlackElo "2387"]
[PlyCount "108"]
[EventDate "2017.12.27"]
[EventType "swiss"]
[EventRounds "9"]
[EventCountry "POL"]
[SourceTitle "CBM 182 Extra"]
[Source "ChessBase"]
[SourceDate "2018.02.23"]
[SourceVersion "1"]
[SourceVersionDate "2018.02.23"]
[SourceQuality "1"]

1. e4 e6 2. d4 d5 3. Nd2 Nf6 4. e5 Nfd7 5. Bd3 c5 6. c3 b6 7. Ne2 Ba6 8. Bxa6 Nxa6 9. Nf3 Be7 10. Nf4 0-0 11. h4 cxd4 12. cxd4 Rc8 13. a3 Qc7 14. Bd2 b5 15. 0-0 Nb6 16. Ba5 Qb7 17. Bxb6 Qxb6 18. b4 Rc4 19. Nd3 Rfc8 20. Nc5 Nxc5 21. bxc5 Qa5 22. Qb3 h6 23. Rfb1 a6 24. Qd3 Bd8 25. Qb3 Ra4 26. Qb2 Qc7 27. Qe2 Rc4 28. Qd2 Qc6 29. g3 Ra4 30. Qb2 f5 31. Ne1 f4 32. Nd3 fxg3 33. fxg3 Be7 34. Rf1 Qe8 35. Nf4 Rxd4 36. Nxe6 Rg4 37. Kh2 Bxc5 38. Nf4 Be3 39. Qe2 Rxf4 40. gxf4 d4 41. Ra2 Qe6 42. Rb2 Rf8 43. Kg3 Qg6+ 44. Qg4 Qd3 45. Kg2 Qxa3 46. Re2 Qe7 47. Kh1 b4 48. Rg2 b3 49. f5 Qxe5 50. f6 Rf7 51. Qc8+ Kh7 52. Rxg7+ Rxg7 53. fxg7 Qe4+ 54. Kh2 Qc2+ 0-1

[Event "EU-ch U16 27th"]
[Site "Mamaia"]
[Date "2017.09.09"]
[Round "5"]
[White "Jafarli, Babak"]
[Black "Hrymowicz, Artur"]
[Result "1-0"]
[WhiteElo "2177"]
[BlackElo "2070"]
[PlyCount "49"]
[EventDate "2017.09.05"]
[EventType "swiss"]
[EventRounds "9"]
[EventCountry "ROU"]
[SourceTitle "EXT 2018"]
[Source "ChessBase"]
[SourceDate "2017.10.13"]
[SourceVersion "1"]
[SourceVersionDate "2017.10.13"]
[SourceQuality "1"]

1. e4 c5 2. Nf3 d6 3. Bb5+ Nd7 4. 0-0 a6 5. Bd3 Ngf6 6. c3 e5 7. a4 Be7 8. Bc2 0-0 9. d4 cxd4 10. cxd4 b6 11. Nc3 Bb7 12. Qe2 Qc7 13. Bg5 h6 14. Bh4 Rfe8 15. Rfd1 Bf8 16. Bg3 Rac8 17. d5 g6 18. Nd2 Bg7 19. f3 Nh5 20. Bf2 Rf8 21. g3 Nc5 22. Rdc1 Nf6 23. b4 Ncd7 24. Bd3 Ra8 25. Nc4 1-0